000
00295nam a22001337a 4500
008
181121b xxu||||| |||| 00| 0 eng d
020
_a
9780077760250
041
_a
eng
080
_a
821
100
_a
23
101
_a
GJU
245
_a
Literature Graft Voice
_c
Nicholas.D
942
_2
udc
_c
BK
999
_c
52256
_d
52256